000 00382nam a2200169Ia 4500
008 221030s9999 xx 000 0 und d
020 _a0070587426
041 _aEnglish
082 _a105.23
_bKaz
100 _aL. J. Kazmier
245 0 _aSchaum`s Business Statistics
250 _a4th
260 _bTMH
_aNew Delhi
_c2005
300 _a404
650 _aMCA Maths
942 _cBK
999 _c2739
_d2739